Código de las costumbres escritas de Tortosa / (Record no. 64383)

MARC details
000 -LEADER
campo de control de longitud fija 00741nam a2200193 i 4500
001 - NÚMERO DE CONTROL
campo de control 64383
003 - IDENTIFICADOR DE NÚMERO DE CONTROL
campo de control ES-MaACL
005 - FECHA Y HORA DE LA ÚLTIMA TRANSACCIÓN
campo de control 20230906165121.0
007 - CAMPO FIJO DE DESCRIPCIÓN FÍSICA--INFORMACIÓN GENERAL
campo de control de longitud fija t|
008 - DATOS DE LONGITUD FIJA--INFORMACIÓN GENERAL
campo de control de longitud fija 031223s1912 sp ||||1| spa d
100 1# - ENTRADA PRINCIPAL--NOMBRE DE PERSONA
Nombre de persona Foguet, Ramón.
9 (RLIN) 51417
245 10 - MENCIÓN DEL TÍTULO
Título Código de las costumbres escritas de Tortosa /
Mención de responsabilidad, etc. obra comenzada por Ramón Foguet ; continuada por José Foguet Marsal ; con el juicio crítico de Víctor Covian y un trabajo sobre el Libre des Costumes por J.J. Permanyer.
260 ## - PUBLICACIÓN, DISTRIBUCIÓN, ETC.
Lugar de publicación, distribución, etc. Tortosa :
Nombre del editor, distribuidor, etc. Querol,
Fecha de publicación, distribución, etc. 1912.
300 ## - DESCRIPCIÓN FÍSICA
Extensión CXXIV, 530 p. ;
Dimensiones 24 cm.
700 1# - ENTRADA AGREGADA--NOMBRE PERSONAL
Nombre de persona Foguet Marsal, José.
9 (RLIN) 51418
700 1# - ENTRADA AGREGADA--NOMBRE PERSONAL
Nombre de persona Covián, Victor.
9 (RLIN) 41361
700 1# - ENTRADA AGREGADA--NOMBRE PERSONAL
Nombre de persona Permanyer y Ayats, Juan José (
Fechas asociadas al nombre 1848-1919)
9 (RLIN) 131031
852 ## - LOCALIZACIÓN
Ubicación ES-MaACL
Número de control de estantería F-1267
Holdings
Estatus retirado Estado de pérdida Estado de daño No para préstamo Biblioteca de origen Biblioteca actual Ubicación en estantería Fecha de adquisición Fuente de adquisición Total de préstamos Signatura topográfica completa Código de barras Visto por última vez Precio de reemplazo Tipo de ítem Koha
        Biblioteca del Ateneo de Madrid Biblioteca del Ateneo de Madrid Depósito 2 17/01/2008     F-1267 1067466 23/02/2023 23/02/2023 Libro impreso